Pays contenant à la fois les lettres "P" et "G" - Statistiques

Statistiques générales
  • Ce quiz a été pris 634 fois
    575 depuis la dernière actualisation
  • Le résultat moyen est 4 sur 9
Statistiques - réponses
Pays % Correct
Paraguay
76%
Portugal
71%
Papouasie-Nouvelle-Guinée
62%
Pologne
54%
République démocratique du Congo
36%
République du Congo
36%
Espagne
26%
Singapour
20%
Égypte
17%
Aucun quiz correspondant
Distribution des résultats
% des personnes avec chaque résultat
Percentile par nombre de réponses
Votre historique - résultats
Vous n’avez pas pris ce quiz depuis la dernière actualisation